| 000 | nam a22 a 4500 | ||
|---|---|---|---|
| 999 |
_c506 _d506 |
||
| 005 | 20170504100220.0 | ||
| 008 | 170504b1984 xxu||||| |||| 00| 0 eng d | ||
| 020 | _a0060456655 (pbk.) | ||
| 040 | _aAKMAL | ||
| 082 |
_219 _a153.42 RUG |
||
| 090 |
_a153.42 _bRUG |
||
| 100 |
_aRuggiero, Vincent Ryan _91140 |
||
| 245 |
_aThe art of thinking _ba guide to critical and creative thought / _cVincent Rayn Ruggiero. |
||
| 260 |
_aNew York, N.Y. _bHarper & Row _c1984. |
||
| 300 | _ccm | ||
| 599 | _aDALAM PROSES | ||
| 650 |
_aThought and thinking. _9913 |
||
| 650 |
_aThought and thinking _xProblems, exercises, etc. _91141 |
||
| 852 |
_aBritish Library _bDSC |
||
| 942 |
_2ddc _cBOOK |
||